000 02188nam a22006257a 4500
005 20251124180023.0
008 170109b2008 xxu||||| |||| 00| 0 spa d
020 _a9789706868367
041 _aESP
082 _a658.562 EV92a7
100 _aEvans, Tames
_935820
100 _aLindsay, William
_923140
245 _aAdministración y control de la calidad
250 _a7 edición
260 _aMéxico
260 _bCengage Learning Editores
260 _c2008
300 _a783 páginas
490 _aDirección y Administración de Empresas
505 _aParte I. El sistema de Calidad Parte II. El sistema administrativo, Parte III. Six sigma y el sistema técnico Contiene disco compacto N° 461
650 _aCONTROL DE CALIDAD
650 _aPERFILES DE LA CALIDAD
650 _aSISTEMAS DE CALIDAD
650 _aCALIDAD IMPULSADA POR EL CLIENTE
650 _aCALIDAD TOTAL EN LAS ORGANIZACIONES
650 _aCALIDAD EN LA MANUFACTURA
650 _aCALIDAD EN LOS SERVICIOS
650 _aDEMING EDWARS
650 _aCALIDAD EN EL CUIDADO DE LA SALUD
650 _aCALIDAD EN LA EDUCACIÓN
650 _aCALIDAD EN LAS PEQUEÑAS EMPRESAS Y ORGANIZACIONES
650 _aCALIDAD EN EL SECTOR PÚBLICO
650 _aPREMIOS Y MARCOS DE REFERENCIA DE LA ADMINISTRACIÓN DE CALIDAD
650 _aISO 9000:2000
650 _aADMINISTRACIÓN DE LA CALIDAD
650 _aEVALUACIÓN DEL DESEMPEÑO
650 _aMEJORA CONTINUA
650 _aSIX SIGMA
650 _aLIDERAZGO Y PLANIFICACIÓN ESTRATÉGICA
650 _aPENSAMIENTO ESTADÍSTICO
650 _aDISEÑO PARA SIX SIGMA
650 _aMEJORA DE LOS PROCESOS
650 _aCONTROL ESTADÍSTICO
650 _aSERVICIO AL CLIENTE
650 _aPRÁCTICAS DE RECURSOS HUMANO
650 _aSATISFACCIÓN DEL CLIENTE
650 _aLIDERAZGO
650 _aPLANIFICACIÓN ESTRATÉGICA
650 _aADMINISTRACIÓN DE RECURSOS HUMANOS
650 _aADMINISTRACIÓN DE PROCESOS
650 _aPROCESOS DE DISEÑO DE PRODUCTOS
650 _aDISEÑO DE PROCESOS PARA LA CALIDAD
650 _aPROYECTOS COMO PROCESOS PARA CREAR VALOR
942 _cBK
_2ddc
999 _c8680
_d8680